Schaum's quick guide to writing great essays / (Record no. 1029)

MARC details
000 -LEADER
fixed length control field 00922cam a2200301 a 4500
001 - CONTROL NUMBER
control field 4507375
003 - CONTROL NUMBER IDENTIFIER
control field OSt
005 - DATE AND TIME OF LATEST TRANSACTION
control field 20250420134833.0
008 - FIXED-LENGTH DATA ELEMENTS--GENERAL INFORMATION
fixed length control field 980911s1999 nyu b 001 0 eng
010 ## - LIBRARY OF CONGRESS CONTROL NUMBER
LC control number 98030613
020 ## - INTERNATIONAL STANDARD BOOK NUMBER
International Standard Book Number 9780070471702
040 ## - CATALOGING SOURCE
Original cataloging agency DLC
Transcribing agency DLC
Modifying agency DLC
050 00 - LIBRARY OF CONGRESS CALL NUMBER
Classification number PE1471
Item number .M29 1999b
082 04 - DEWEY DECIMAL CLASSIFICATION NUMBER
Classification number 808.042
Edition information 21
Item number Mc Wr
100 1# - MAIN ENTRY--PERSONAL NAME
Personal name McClain, Molly.
9 (RLIN) 7904
245 10 - TITLE STATEMENT
Title Schaum's quick guide to writing great essays /
Statement of responsibility, etc. Molly McClain, Jacqueline D. Roth.
246 30 - VARYING FORM OF TITLE
Title proper/short title Writing great essays
260 ## - PUBLICATION, DISTRIBUTION, ETC.
Place of publication, distribution, etc. New York :
Name of publisher, distributor, etc. McGraw-Hill,
Date of publication, distribution, etc. c1999.
300 ## - PHYSICAL DESCRIPTION
Extent vii, 108 p. ;
Dimensions 22 cm.
440 #0 - SERIES STATEMENT/ADDED ENTRY--TITLE
Title Schaum's quick guide series
9 (RLIN) 7905
504 ## - BIBLIOGRAPHY, ETC. NOTE
Bibliography, etc. note Includes bibliographical references (p. 103) and index.
650 #0 - SUBJECT ADDED ENTRY--TOPICAL TERM
Topical term or geographic name entry element English language
General subdivision Rhetoric.
9 (RLIN) 5837
650 #0 - SUBJECT ADDED ENTRY--TOPICAL TERM
Topical term or geographic name entry element Essay
General subdivision Authorship.
9 (RLIN) 7906
650 #0 - SUBJECT ADDED ENTRY--TOPICAL TERM
Topical term or geographic name entry element Report writing.
9 (RLIN) 166
700 1# - ADDED ENTRY--PERSONAL NAME
Personal name Roth, Jacqueline D.
9 (RLIN) 7907
942 ## - ADDED ENTRY ELEMENTS (KOHA)
Koha item type Book
942 ## - ADDED ENTRY ELEMENTS (KOHA)
Source of classification or shelving scheme Dewey Decimal Classification
Holdings
Withdrawn status Lost status Source of classification or shelving scheme Damaged status Not for loan Home library Current library Date acquired Source of acquisition Cost, normal purchase price Total checkouts Full call number Barcode Date last seen Price effective from Koha item type
    Dewey Decimal Classification     KCST Library KCST Library 03/12/2023 Procured 19.83   808.042 Mc Wr 1000001480 06/05/2024 06/05/2024 Book
© 2025 KCST. All rights reserved